Zdravotné pripoistenie sa rozbieha, ovplyvní ho rozhodnutie vlády
V septembri 2004 prišla poisťovňa Union s novým produktom dobrovoľného zdravotného pripoistenia. Komerčné zdravotné pripoistenie na Slovensku v podstate neexistovalo. Dobrovoľné pripoistenie znamená pre pacientov výrazné skvalitnenie zdravotníckych služieb. Dohody poisťovní s nemocnicami a lekármi....
Salvato in:
| Autore principale: | |
|---|---|
| Altri autori: | |
| Natura: | Capitolo di libro |
| Lingua: | slovacco |
| Soggetti: | |
| Tags: |
Nessun Tag, puoi essere il primo ad aggiungerne!!
|
MARC
| LEADER | 00000naa$a2200000$$$4500 | ||
|---|---|---|---|
| 001 | 0021039 | ||
| 005 | 20231009075632.0 | ||
| 041 | 0 | |a slo | |
| 044 | |a SK | ||
| 245 | 1 | 0 | |a Zdravotné pripoistenie sa rozbieha, ovplyvní ho rozhodnutie vlády |c Zuzana Horníková, Ján Záborský |
| 520 | |a V septembri 2004 prišla poisťovňa Union s novým produktom dobrovoľného zdravotného pripoistenia. Komerčné zdravotné pripoistenie na Slovensku v podstate neexistovalo. Dobrovoľné pripoistenie znamená pre pacientov výrazné skvalitnenie zdravotníckych služieb. Dohody poisťovní s nemocnicami a lekármi. Snaha získať dôveru pacientov. Ustráženie diskriminácie ostatných pacientov, ktorí pripoistenie neplatia. Čo možno pripoistiť. | ||
| 610 | 2 | 0 | |a pripoistenie |
| 610 | 2 | 0 | |a starostlivosť zdravotná |
| 610 | 2 | 0 | |a klienti |
| 610 | 2 | 0 | |a výhody konkurenčné |
| 610 | 2 | 0 | |a riziko |
| 610 | 2 | 0 | |a poisťovne komerčné |
| 610 | 2 | 0 | |a diskriminácia |
| 610 | 2 | 0 | |a kontrola |
| 100 | 1 | |a Horníková, Zuzana | |
| 700 | 1 | |a Záborský, Ján | |